[Event "Sachsen-Anhalt Landesliga-B 1920"]
[Site "Sachsen Anhalt"]
[Date "2020.03.01"]
[Round "7.8"]
[White "Ruhs, Marco"]
[Black "Koenig, Thomas"]
[Result "1-0"]
[WhiteElo "1769"]
[BlackElo "1679"]
[PlyCount "107"]
[EventDate "2019.09.29"]
[EventType "team-tourn"]
[EventRounds "9"]
[EventCountry "GER"]
[SourceTitle "EXT 2023"]
[Source "ChessBase"]
[SourceDate "2022.10.05"]
[SourceVersion "1"]
[SourceVersionDate "2022.10.05"]
[SourceQuality "1"]
[WhiteTeam "Halle USV III"]
[BlackTeam "Bad Schmiedeberg"]
[WhiteTeamCountry "GER"]
[BlackTeamCountry "GER"]

1. e4 c5 2. Nf3 Nc6 3. c4 g6 4. Nc3 Bg7 5. d3 a6 6. Be3 d6 7. Qd2 Qa5 8. Be2 Nf6 9. h3 Bd7 10. 0-0 0-0 11. Bh6 b5 12. Bxg7 Kxg7 13. Qe3 e5 14. Bd1 Nd4 15. cxb5 axb5 16. Ne2 Rfc8 17. Nexd4 cxd4 18. Qe1 Qxe1 19. Rxe1 Be6 20. a3 h6 21. Nd2 Nd7 22. Kf1 Nc5 23. Ke2 f5 24. f3 d5 25. b4 Na4 26. Bxa4 Rxa4 27. exf5 Bxf5 28. g4 Be6 29. Nb3 Kf6 30. Nc5 Ra7 31. Ra2 Rca8 32. Rea1 h5 33. a4 bxa4 34. Rxa4 Rxa4 35. Rxa4 Rxa4 36. Nxa4 Bd7 37. Nc5 Bb5 38. gxh5 gxh5 39. Kf2 h4 40. Ke2 Kf5 41. Nb7 Kf4 42. Nd6 Bd7 43. b5 Bxb5 44. Nxb5 Kg3 45. Nc7 Kxh3 46. Kf2 e4 47. Nxd5 exd3 48. Nf4+ Kh2 49. Nxd3 h3 50. f4 Kh1 51. f5 h2 52. Nf4 d3 53. Nh5 d2 54. Ng3# 1-0